| 000 | 00991nam a2200229 a 4500 | ||
|---|---|---|---|
| 001 | 000809777 | ||
| 003 | AM-YeHGA | ||
| 005 | 20250617162730.0 | ||
| 008 | 110516s1878 xr a r 000 0 rus d | ||
| 040 | _aAM-YeHGA | ||
| 041 | 1 |
_arus _hcze |
|
| 100 | 1 |
_aВелишский, Франтишек Ф., _d1840-1883 |
|
| 245 | 1 | 0 |
_aБыт греков и римлян / _cСоч. Ф.Ф. Велишского; Пер. с чеш. чл. Киев. отд. О-ва клас. филологии и педагогики под ред. И.Я. Ростовцева. |
| 260 |
_aПрага : _bТип. И. Милиткий и Новак, _c1878. |
||
| 300 |
_aXVI, 670 с. : _bил. ; _c23 см. |
||
| 500 | _aУказ.: с. 629-668 на греч., лат. и рус. яз. | ||
| 650 | 1 | 4 |
_aИстория _zДревняя Греция |
| 650 | 1 | 4 |
_aИстория _zДревний Рим |
| 700 | 1 |
_aРостовцев, Яков Иванович _eред. _4edt |
|
| 942 |
_2udc _cBK |
||
| 090 | _c498129 | ||
| 999 |
_c494740 _d494740 |
||